Statistics for Countries With Most Cats

Click here to take the quiz!

General Stats

  • This quiz has been taken 30 times
  • The average score is 15 of 20

Answer Stats

HintAnswer% Correct
53,100,000China
100%
7,300,000Japan
96%
12,466,000Brazil
93%
11,480,000France
93%
8,200,000Germany
93%
17,800,000Russia
93%
3,385,000Spain
93%
74,059,000USA
93%
7,400,000Italy
89%
8,000,000UK
89%
2,200,000Australia
86%
5,550,000Poland
82%
3,000,000Argentina
79%
1,884,100Belguim
61%
2,877,000Netherlands
57%
7,350,000Ukraine
57%
2,000,000South Africa
54%
3,891,000Romania
43%
2,240,000Hungary
32%
1,750,000Czechia
25%

Score Distribution

Percentile by Number Answered

Percent of People with Each Score

Your Score History

You have not taken this quiz